Statistics for MLB - Longest Hitting Streaks

Click here to take the quiz!

General Stats

  • This quiz has been taken 39 times
  • The average score is 4 of 15

Answer Stats

YearGamesAnswer% Correct
194156Joe DiMaggio
100%
197844Pete Rose
64%
191140Ty Cobb
56%
191735Ty Cobb
56%
198739Paul Molitor
36%
2005-200638Jimmy Rollins
17%
200635Chase Utley
11%
1896-189745Willie Keeler
11%
192241George Sisler
8%
1924-192535George Sisler
8%
200235Luis Castillo
3%
189442Bill Dahlen
0%
189535Fred Clark
0%
1896-189736Gene DeMontreville
0%
194537Tommy Holmes
0%

Score Distribution

Percentile by Number Answered

Percent of People with Each Score

Your Score History

You have not taken this quiz